000 00473nam a22001937a 4500
003 MPLRDC
005 20220104142705.0
008 210129b ||||| |||| 00| 0 eng d
020 _a957-9638-15-2
082 _a857.623 DMY v.12
100 _a张绫
245 _a尸家鬼话
_c
250 _a初版
260 _a
_b新月文化事业股份有限公司
_c1996
300 _b
490 _a大魔域. 12
650 _a灵异小说
942 _cBK
_o857.623 DMY v.12
999 _c32923
_d32913